00762nam a2200229 a 4500001001000000003000500010005001700015008004100032010001100073011001100084020001800095040000900113082001700122245016300139260002400302300002900326650004700355650005800402650002700460650002700487700001800514000110273CHAP20220329144125.0140808s2013 it a |r| ||||||eng d a106735 a107707 a9789251080313 cCHAP04a338.18bF21y10aFood and agriculture policy decisions :bTrends, emerging issues and policy alignments since the 2007/08 food security crisis /cpor Mulat Demeke ...[et al.]. aRoma :bFAO,c2013. aviii, 124 p. :bgráfs.14aAgriculturaxAspectos económicosxAfrica14aAgriculturaxAspectos económicosxAmérica Central14aPolítica agrícola.14aSeguridad alimentaria.1 aDemeke, Mulat